LEADER 01176nam--2200373---450- 001 990003404470203316 005 20100525142649.0 010 $a978-88-387-4837-3 035 $a000340447 035 $aUSA01000340447 035 $a(ALEPH)000340447USA01 035 $a000340447 100 $a20100525d2009----km-y0itay50------ba 101 $aita 102 $aIT 105 $a||||||||001yy 200 1 $aFormulario del recupero crediti$easpetti giuridici e procedurali commentati ...$fFrancesco Landolfi 210 $aSantarcangelo di Romagna$cMaggioli$d2009 215 $a302 p.$d24 cm$eCD-Rom 225 2 $aProfessionisti & imprese$iImpresa e management 300 $a126 410 0$12001$aProfessionisti & Imprese$iLavoro$v24 606 0 $aCredito$xRecupero$2BNCF 676 $a346.45077 700 1$aLANDOLFI,$bFrancesco$0604686 801 0$aIT$bsalbc$gISBD 912 $a990003404470203316 951 $aXXV.3.K. 184$b17646 E.C.$cXXV.3.K.$d00258967 959 $aBK 969 $aGIU 979 $aIANNONE$b90$c20100525$lUSA01$h1426 979 $aFIORELLA$b90$c20100716$lUSA01$h1006 996 $aFormulario del recupero crediti$91109899 997 $aUNISA LEADER 01095nam a22002531i 4500 001 991002468339707536 005 20040321194621.0 008 040407s1953 fr |||||||||||||||||fre 035 $ab12927429-39ule_inst 035 $aARCHE-090703$9ExL 040 $aDip.to Scienze Storiche$bita$cA.t.i. Arché s.c.r.l. Pandora Sicilia s.r.l. 082 04$a551.4820 110 2 $aUNESCO$013162 245 10$aActes du colloque d'Ankara sur l'hydrologie de la zone aride /$corganisé conjointement par le gouvernement turc et l'Organisation des Nations Unies pour l'éducation, la science et la culture 260 $a[Paris] :$bUNESCO,$cstampa 1953 300 $a279 p. ;$c27 cm 440 0$aProgramme de la zone aride 650 4$aIdrologia$xCongressi 907 $a.b12927429$b02-04-14$c16-04-04 912 $a991002468339707536 945 $aLE009 GEOG.06-25$g1$i2009000168992$lle009$o-$pE0.00$q-$rn$so $t0$u0$v0$w0$x0$y.i1350115x$z16-04-04 996 $aActes du colloque d'Ankara sur l'hydrologie de la zone aride$9304243 997 $aUNISALENTO 998 $ale009$b16-04-04$cm$da $e-$ffre$gfr $h0$i1